000 00317nam a2200121Ia 4500
008 220204s9999 xx 000 0 und d
082 _a681.31MCS
_bCAS
100 _aCasad, Joe
245 0 _aMCSE training guide : windows NT server 4
260 _aNew Delhi
_bTechmedia
_c1997
700 _aDalton, Wayne
942 _cBK
999 _c43906
_d43906